000 00603nam a22001937a 4500
999 _c190844
_d190844
005 20220805170352.0
010 _aENG-134325
020 _a9789391091323
_c299.00
035 _aEN-117857
037 _bDBAD/PUB
082 _a824.914
100 _aAnand, Jernail Singh
245 _aThe Monster Within:
_bQuasi Fiction/
_cJernail Singh Anand
250 _a3rd Edition
260 _aGurugram
_bThe Poetry Society of India
_c2022
270 _aH-23/16, DLF Phase-I
_bGurugram
_e122002
_mthepoertysoindia@gmail.com
300 _axi, 107p.
_c21cm(pbk)
942 _2ddc
_cEN
_h824.914
_mANA